<?xml version="1.0" encoding="UTF-8"?>
<record
    xmlns:xsi="http://www.w3.org/2001/XMLSchema-instance"
    xsi:schemaLocation="http://www.loc.gov/MARC21/slim http://www.loc.gov/standards/marcxml/schema/MARC21slim.xsd"
    xmlns="http://www.loc.gov/MARC21/slim">

  <leader>01651nam a22002897a 4500</leader>
  <controlfield tag="001">BRCA_9350</controlfield>
  <controlfield tag="003">FranzMayer</controlfield>
  <controlfield tag="005">20230913114703.0</controlfield>
  <controlfield tag="008">230908b        |||||||| |||| 00| 0 eng d</controlfield>
  <datafield tag="040" ind1=" " ind2=" ">
    <subfield code="a">MFM</subfield>
    <subfield code="b">ESPA&#xD1;OL</subfield>
    <subfield code="c">MFM</subfield>
  </datafield>
  <datafield tag="050" ind1=" " ind2="0">
    <subfield code="a">N6465.A28</subfield>
    <subfield code="b">R45 2021</subfield>
  </datafield>
  <datafield tag="110" ind1="1" ind2=" ">
    <subfield code="4">Responsable</subfield>
    <subfield code="a">Reial Academia Catalana d Belles Arts d Sant Jordi</subfield>
    <subfield code="9">29748</subfield>
  </datafield>
  <datafield tag="240" ind1=" " ind2=" ">
    <subfield code="a">El secreter de Josep Francesc de Caramany</subfield>
    <subfield code="h">Discurs d'ingr&#xE9;s de l&#xE1;cademica electa Illma. Sra. Dra. M&#xF3;nica Piera Miquel, llegit a la sala d'actes de l'Academia, el 15 de setembre de 2021. Discurs de contesta de l'academica numeraria IIlma. Sra. Dra. Pilar V&#xE9;lez. Barcelona, 2021</subfield>
    <subfield code="l">Catal&#xE1;n</subfield>
  </datafield>
  <datafield tag="245" ind1="0" ind2=" ">
    <subfield code="a">El secreter de Josep Francesc de Caramany</subfield>
    <subfield code="b">Discurs d'ingr&#xE9;s de l&#xE1;cademica electa Illma. Sra. Dra. M&#xF3;nica Piera Miquel, llegit a la sala d'actes de l'Academia, el 15 de setembre de 2021. Discurs de contesta de l'academica numeraria IIlma. Sra. Dra. Pilar V&#xE9;lez. Barcelona, 2021</subfield>
  </datafield>
  <datafield tag="260" ind1=" " ind2=" ">
    <subfield code="a">Catalu&#xF1;a, Espa&#xF1;a</subfield>
    <subfield code="b">Reial Academia Catalana d Belles Arts d Sant Jordi</subfield>
    <subfield code="c">2021</subfield>
  </datafield>
  <datafield tag="300" ind1=" " ind2=" ">
    <subfield code="a">31 p</subfield>
    <subfield code="c">23 cm</subfield>
  </datafield>
  <datafield tag="500" ind1=" " ind2=" ">
    <subfield code="a">Incluye una dedicatoria a la biblioteca del museo Franz Mayer en la primer hoja</subfield>
  </datafield>
  <datafield tag="500" ind1=" " ind2=" ">
    <subfield code="a">L60/N6</subfield>
  </datafield>
  <datafield tag="505" ind1=" " ind2=" ">
    <subfield code="a">Texto en: Catal&#xE1;nDirigido a: estudiantes y profesores de arte</subfield>
  </datafield>
  <datafield tag="650" ind1="1" ind2=" ">
    <subfield code="2">Artes visuales</subfield>
    <subfield code="a">Escuelas de arte</subfield>
    <subfield code="v">Academias en Espa&#xF1;a</subfield>
    <subfield code="9">29749</subfield>
  </datafield>
  <datafield tag="651" ind1="2" ind2=" ">
    <subfield code="2">Reial Academia Catalana d Belles Arts d Sant Jordi</subfield>
    <subfield code="a">Sant Jordi</subfield>
    <subfield code="v">Josep Francesc de Caramary</subfield>
    <subfield code="9">29750</subfield>
  </datafield>
  <datafield tag="700" ind1="1" ind2=" ">
    <subfield code="4">Texto</subfield>
    <subfield code="a">Piera Miquel, M&#xF3;nica</subfield>
    <subfield code="9">29751</subfield>
  </datafield>
  <datafield tag="700" ind1="1" ind2=" ">
    <subfield code="4">Disc</subfield>
    <subfield code="a">V&#xE9;lez, Pilar</subfield>
    <subfield code="9">29752</subfield>
  </datafield>
  <datafield tag="700" ind1="1" ind2=" ">
    <subfield code="4">Foto</subfield>
    <subfield code="a">Grau Sola, Ester</subfield>
    <subfield code="9">29753</subfield>
  </datafield>
  <datafield tag="856" ind1=" " ind2=" ">
    <subfield code="3">www.racba.org</subfield>
  </datafield>
  <datafield tag="942" ind1=" " ind2=" ">
    <subfield code="2">lcc</subfield>
    <subfield code="c">B</subfield>
  </datafield>
  <datafield tag="999" ind1=" " ind2=" ">
    <subfield code="c">11062</subfield>
    <subfield code="d">11062</subfield>
  </datafield>
  <datafield tag="952" ind1=" " ind2=" ">
    <subfield code="0">0</subfield>
    <subfield code="1">0</subfield>
    <subfield code="2">lcc</subfield>
    <subfield code="4">0</subfield>
    <subfield code="7">0</subfield>
    <subfield code="8">FCON</subfield>
    <subfield code="a">BRCA</subfield>
    <subfield code="b">BRCA</subfield>
    <subfield code="d">2023-09-08</subfield>
    <subfield code="l">0</subfield>
    <subfield code="o">N6465.A28 R45 2021</subfield>
    <subfield code="p">CONT10217</subfield>
    <subfield code="r">2023-09-08 00:00:00</subfield>
    <subfield code="w">2023-09-08</subfield>
    <subfield code="y">B</subfield>
  </datafield>
</record>
